000 00914cam a2200253 4500
999 _c5309
_d5309
001 350177
003 OSt
005 20250904110650.0
008 221003r20161986enkabc j 000 0aeng
020 _a9780141371412
040 _aKLCC
_cKH8
042 _anbic
082 _aFIC DAH
100 1 _aDahl, Roald,
_eaut.
245 1 0 _aGoing solo /
_cRoald Dahl ; illustrated by Quentin Blake.
260 _a[London] :
_bPuffin Books,
_c2016, c1986.
300 _a[210] p. :
_bill., maps, port. ;
_c20 cm.
520 _aAs a young man working in East Africa for the Shell Company, Roald Dahl recounts his adventures living in the jungle and later flying a fighter plane in World War II.
600 1 0 _aDahl, Roald
_xJuvenile literature.
650 0 _aAuthors, English
_y20th century
_xBiography.
650 0 _aWorld War, 1939-1945
_xPersonal narratives, British.
700 1 _aBlake, Quentin,
_eill.
942 _2ddc
_cFIC